书目信息 |
| 题名: |
中国至2050年农业科技发展路线图
|
|
| 作者: | ;中国科学院农业领域战略研究组 著 | |
| 分册: | ||
| 出版信息: | 北京 科学出版社 2009.09 |
|
| 页数: | 156页 | |
| 开本: | 30cm | |
| 丛书名: | ||
| 单 册: | ||
| 中图分类: | F323.3 | |
| 科图分类: | ||
| 主题词: | 农业经济--中国 | |
| 电子资源: | ||
| ISBN: | 7-03-025508-9 | |
| 000 | 00750nam0 2200193 450 | |
| 001 | 1458347925 | |
| 005 | 20140624164728.20 | |
| 010 | @a7-03-025508-9@dCNY60.00 | |
| 100 | @a20140624d2009 km y0chiy0120 ea | |
| 101 | 0 | @achi |
| 102 | @aCN@b110000 | |
| 200 | 1 | @a中国至2050年农业科技发展路线图@Azhong guo zhi 2050 nian nong ye ke ji fa zhan lu xian tu@f中国科学院农业领域战略研究组著@Fzhong guo ke xue yuan nong ye ling yu zhan lue yan jiu zu zhu |
| 210 | @a北京@c科学出版社@d2009.09 | |
| 215 | @a156页@d30cm | |
| 606 | 0 | @a农业经济@x中国 |
| 690 | @aF323.3@v4 | |
| 711 | 02 | @a中国科学院农业领域战略研究组@Azhong guo ke xue yuan nong ye ling yu zhan lue yan jiu zu@4著 |
| 801 | 0 | @aCN@b大连网信软件有限公司图书馆·11@c20140624 |
| 905 | @aZUCC@dF323.3@eZ586 | |
| 中国至2050年农业科技发展路线图/中国科学院农业领域战略研究组著.-北京:科学出版社,2009.09 |
| 156页;30cm |
| ISBN 7-03-025508-9:CNY60.00 |
| ● |
| 相关链接 |
|
|
|
正题名:中国至2050年农业科技发展路线图
索取号:F323.3/Z586
 
预约/预借
| 序号 | 登录号 | 条形码 | 馆藏地/架位号 | 状态 | 备注 |
| 1 | 494208 | 204942081 | 社科库409/409社科库 33排3列3层/ [索取号:F323.3/Z586] | 在馆 |